[Event "Ct. Catalunya femeni"]
[Site "?"]
[Date "????.??.??"]
[Round "1"]
[White "Vidal Masferrer, M."]
[Black "Castillo Escario, Y."]
[Result "0-1"]
[WhiteElo "1494"]
[BlackElo "1880"]
[PlyCount "48"]
[EventDate "2011.??.??"]
[EventType "swiss"]
[EventRounds "6"]

1. e4 e5 2. Nf3 Nc6 3. Bc4 Nf6 4. Nc3 Nxe4 5. Nd5 Bc5 6. O-O O-O 7. Qe2 Nd6 8.
Bb3 e4 9. Ne1 Nd4 10. Qg4 c6 11. Ne3 Nxb3 12. axb3 f5 13. Qe2 Nf7 14. d3 d5 15.
Kh1 Bd6 16. f3 d4 17. Nd1 e3 18. c3 Qh4 19. g3 Bxg3 20. Nc2 c5 21. Ra4 b5 22.
Ra2 Ng5 23. Rg1 f4 24. Rg2 Bb7 0-1

[Event "Ct. Catalunya femeni"]
[Site "?"]
[Date "????.??.??"]
[Round "2"]
[White "Castillo Escario, Y."]
[Black "Ruiz Font, E."]
[Result "0-1"]
[WhiteElo "1880"]
[BlackElo "1971"]
[PlyCount "68"]
[EventDate "2011.??.??"]
[EventType "swiss"]
[EventRounds "6"]

1. e4 c5 2. Nf3 g6 3. d4 cxd4 4. Nxd4 Nc6 5. Nc3 Bg7 6. Nxc6 bxc6 7. Bc4 d6 8.
O-O Nf6 9. Qf3 O-O 10. h3 Nd7 11. Qg3 a5 12. Bg5 Nb6 13. Be2 Be6 14. Rad1 a4
15. Kh1 h6 16. Bf4 Nc4 17. b3 axb3 18. axb3 Na3 19. Rc1 Qa5 20. Bd2 Nb5 21.
Bxb5 cxb5 22. Rcd1 Qc7 23. f4 b4 24. Nd5 Bxd5 25. exd5 Qxc2 26. f5 g5 27. Qf3
Ra3 28. Rf2 Rxb3 29. Qh5 Rb1 30. Rxb1 Qxb1+ 31. Kh2 Qd3 32. h4 Be5+ 33. Kg1 Bd4
34. Bxg5 Bxf2+ 0-1

[Event "Ct. Catalunya femeni"]
[Site "?"]
[Date "????.??.??"]
[Round "2"]
[White "Garcia Castany Musellas, G."]
[Black "Norte Garcia, A."]
[Result "0-1"]
[WhiteElo "2001"]
[BlackElo "1920"]
[PlyCount "92"]
[EventDate "2011.??.??"]
[EventType "swiss"]
[EventRounds "6"]

1. e4 c5 2. Nf3 e6 3. d4 cxd4 4. Nxd4 a6 5. Nc3 Qc7 6. Be2 b5 7. O-O Bb7 8. Bf3
Nc6 9. Nxc6 Bxc6 10. Nd5 Bxd5 11. exd5 Rc8 12. Be3 Bd6 13. g3 Nf6 14. Qd2 O-O
15. Rfd1 e5 16. c3 Ne8 17. Bg2 f5 18. f3 f4 19. gxf4 exf4 20. Bf2 Bc5 21. a4
Nd6 22. axb5 axb5 23. Bxc5 Qxc5+ 24. Qd4 Nf5 25. Qxc5 Rxc5 26. Bh3 Ne3 27. Rd3
d6 28. Be6+ Kh8 29. b3 Nc2 30. Rc1 Ne3 31. Rd4 g5 32. c4 bxc4 33. bxc4 Rb8 34.
Bh3 Rb2 35. Bf1 Ra5 36. Re4 Raa2 37. Re7 Nf5 38. Re8+ Kg7 39. Rce1 Rxh2 40.
R8e2 Rhxe2 41. Rxe2 Rxe2 42. Bxe2 Nd4 43. Bd1 Kf6 44. Kf2 Ke5 45. Ba4 Nf5 46.
Bc2 h6 0-1

[Event "Ct. Catalunya femeni"]
[Site "?"]
[Date "????.??.??"]
[Round "2"]
[White "Jausas Lopez, A."]
[Black "Vidal Masferrer, M."]
[Result "1-0"]
[WhiteElo "1593"]
[BlackElo "1494"]
[PlyCount "107"]
[EventDate "2011.??.??"]
[EventType "swiss"]
[EventRounds "6"]

1. e4 e5 2. Nc3 Nf6 3. f4 Nc6 4. fxe5 Nxe5 5. d4 Nc6 6. e5 Ng8 7. Nf3 d6 8. Bb5
Bd7 9. O-O dxe5 10. Bxc6 Bxc6 11. Nxe5 Nf6 12. Nxc6 bxc6 13. Kh1 Be7 14. Qf3
Qd7 15. Bg5 O-O 16. Rad1 Rad8 17. Rfe1 Rfe8 18. Na4 Qd5 19. Qxd5 cxd5 20. Rf1
h6 21. Bf4 c6 22. Nc3 Bd6 23. Bxd6 Rxd6 24. Kg1 Rde6 25. h3 Ne4 26. Nxe4 Rxe4
27. Rd2 f6 28. Kh2 R8e6 29. Kg3 Kh7 30. Rf3 g5 31. Ra3 Re7 32. Ra6 Rc7 33. c3
Kg6 34. Rf2 Re6 35. Kf3 f5 36. Re2 Re4 37. Rxe4 fxe4+ 38. Ke3 Kf5 39. g4+ Kg6
40. b4 h5 41. b5 hxg4 42. hxg4 Kf7 43. bxc6 Ke7 44. c4 dxc4 45. Kxe4 c3 46. Kd3
c2 47. Kxc2 Kd6 48. Kd3 Kd5 49. Ra5+ Kxc6 50. Rc5+ Kd6 51. Rxc7 Kxc7 52. Ke4
Kd6 53. Kf5 Kd5 54. Kxg5 1-0

[Event "Ct. Catalunya femeni"]
[Site "?"]
[Date "????.??.??"]
[Round "2"]
[White "Martin Dinares, S."]
[Black "Terrones Launes, X."]
[Result "1-0"]
[WhiteElo "1507"]
[BlackElo "1591"]
[PlyCount "139"]
[EventDate "2011.??.??"]
[EventType "swiss"]
[EventRounds "6"]

1. c4 Nf6 2. Nf3 e6 3. Nc3 b6 4. g3 Bb7 5. Bg2 Be7 6. b3 O-O 7. Bb2 d6 8. Qc2
c5 9. a3 Nbd7 10. O-O Qc7 11. Nb5 Qc6 12. d4 a6 13. d5 exd5 14. cxd5 Qxb5 15.
a4 Qb4 16. Nh4 Qa5 17. Bc3 Qxc3 18. Qxc3 Rfe8 19. Nf5 Bf8 20. Qd3 g6 21. Ne3
Bg7 22. Rad1 Ne5 23. Qb1 b5 24. Nc2 Ned7 25. Rfe1 Rab8 26. Qa2 Ne4 27. Bxe4
Rxe4 28. f3 Ree8 29. Na3 Bc3 30. Rf1 Bd4+ 31. Kg2 Ra8 32. b4 Nb6 33. e4 Nxa4
34. Rxd4 cxd4 35. Qd2 Rac8 36. Qxd4 Rc3 37. Ra1 Rec8 38. Qa7 R3c7 39. Qe3 Rc3
40. Qe2 Kf8 41. Kh3 R8c7 42. g4 Bc8 43. Kg3 Bd7 44. e5 dxe5 45. Qxe5 Kg8 46. d6
Rb7 47. Ra2 Ra7 48. Qe7 Rb7 49. Qd8+ Kg7 50. Rc2 Rxa3 51. Rc7 Rxc7 52. Qxc7 Be6
53. d7 Bxd7 54. Qxd7 Nc3 55. Qd3 Kg8 56. Kf4 Kf8 57. Ke5 Ke8 58. Kf6 h5 59. Qd6
Ne4+ 60. fxe4 Rf3+ 61. Kg5 hxg4 62. Kxg4 Re3 63. e5 Re1 64. Kg5 Rg1+ 65. Kf6
Rf1+ 66. Kg7 Rf5 67. Qf8+ Kd7 68. Qxf7+ Kc8 69. Qxf5+ gxf5 70. e6 1-0

[Event "Ct. Catalunya femeni"]
[Site "?"]
[Date "????.??.??"]
[Round "2"]
[White "Montoliu Daroca, I."]
[Black "Las Heras Aixandri, S."]
[Result "1-0"]
[WhiteElo "1808"]
[BlackElo "1550"]
[PlyCount "139"]
[EventDate "2011.??.??"]
[EventType "swiss"]
[EventRounds "6"]

1. c4 Nf6 2. Nc3 e6 3. g3 d5 4. cxd5 exd5 5. d4 g6 6. Bg2 Bg7 7. Nf3 Bf5 8. Qb3
O-O 9. Qxb7 Nbd7 10. Nxd5 Nxd5 11. Qxd5 Nb6 12. Qxd8 Raxd8 13. e3 Rfe8 14. O-O
Bd3 15. Rd1 Bf5 16. Bd2 Nc4 17. b3 Nb2 18. Rdc1 Rc8 19. Nh4 Bd3 20. Bc3 Nc4 21.
bxc4 Bxc4 22. Ba5 Bd3 23. Rxc7 Rb8 24. Bd5 Rf8 25. Rxa7 Rb5 26. Bb3 Be4 27. Rc1
Kh8 28. f3 Bd5 29. Bxd5 Rxd5 30. Bb4 Rb8 31. a3 Rxd4 32. Rxf7 Bh6 33. exd4 Bxc1
34. Rf8+ Rxf8 35. Bxf8 Be3+ 36. Kf1 Bxd4 37. a4 Kg8 38. Bd6 Kf7 39. a5 Ba7 40.
Ng2 Ke6 41. Bc7 Kd7 42. Bb6 Bxb6 43. axb6 Kc6 44. Ke2 Kxb6 45. Ke3 Kc6 46. Ke4
Kd6 47. Kf4 Ke6 48. Kg5 Kf7 49. Kh6 Kg8 50. Nf4 Kh8 51. Nxg6+ hxg6 52. Kxg6 Kg8
53. h4 Kh8 54. Kf7 Kh7 55. f4 Kh6 56. f5 Kh5 57. f6 Kg4 58. Ke7 Kxg3 59. f7
Kxh4 60. f8=Q Kh5 61. Qg7 Kh4 62. Qg6 Kh3 63. Qg5 Kh2 64. Qg4 Kh1 65. Ke6 Kh2
66. Ke5 Kh1 67. Ke4 Kh2 68. Ke3 Kh1 69. Kf2 Kh2 70. Qg2# 1-0

[Event "Ct. Catalunya femeni"]
[Site "?"]
[Date "????.??.??"]
[Round "2"]
[White "Riera Morilla, E."]
[Black "Lopez Atay, DR."]
[Result "1/2-1/2"]
[WhiteElo "1929"]
[BlackElo "2012"]
[PlyCount "35"]
[EventDate "2011.??.??"]
[EventType "swiss"]
[EventRounds "6"]

1. e4 d5 2. exd5 Nf6 3. Bb5+ Bd7 4. Bc4 Bg4 5. f3 Bf5 6. Nc3 c6 7. d4 cxd5 8.
Bb5+ Bd7 9. Bxd7+ Qxd7 10. Nge2 e6 11. Bg5 Bb4 12. Qd3 Nc6 13. a3 Bxc3+ 14.
Nxc3 Na5 15. O-O Nc4 16. b3 Nd6 17. Rfe1 O-O 18. a4 1/2-1/2

[Event "Ct. Catalunya femeni"]
[Site "?"]
[Date "????.??.??"]
[Round "2"]
[White "Ros Alonso, J."]
[Black "Capellades Subirana, L."]
[Result "0-1"]
[WhiteElo "1565"]
[BlackElo "1651"]
[PlyCount "88"]
[EventDate "2011.??.??"]
[EventType "swiss"]
[EventRounds "6"]

1. e4 e5 2. Nf3 Nf6 3. Nxe5 Nc6 4. Nxc6 dxc6 5. Nc3 Bc5 6. d3 O-O 7. Be2 Re8 8.
O-O Bd4 9. Bd2 Qd6 10. Kh1 h6 11. f4 Nh7 12. e5 Qe7 13. Bf3 Be6 14. g3 Bxc3 15.
Bxc3 Bd5 16. Qe2 Bxf3+ 17. Qxf3 Qe6 18. Rae1 Qxa2 19. Qg4 Qd5+ 20. Re4 Rad8 21.
e6 f6 22. Kg1 Re7 23. Qh3 Rde8 24. f5 Ng5 25. Qg4 Nxe4 26. dxe4 Qc5+ 27. Kh1
Kf8 28. Qg6 Qe3 29. Rf4 Qc1+ 30. Kg2 Qxc2+ 31. Kh3 Rxe6 32. fxe6 Rxe6 33. Qg4
Kf7 34. Qh5+ Kf8 35. Qf5 Qb3 36. e5 Qd5 37. Bb4+ Kf7 38. Qh5+ Kg8 39. Qg6 Rxe5
40. Rg4 Rh5+ 41. Rh4 Rxh4+ 42. Kxh4 Qc4+ 43. Qg4 g5+ 44. Kh5 Qf7+ 0-1

[Event "Ct. Catalunya femeni"]
[Site "?"]
[Date "????.??.??"]
[Round "2"]
[White "Terrones Launes, M."]
[Black "Marin Benito, C."]
[Result "1-0"]
[WhiteElo "1959"]
[BlackElo "1827"]
[PlyCount "73"]
[EventDate "2011.??.??"]
[EventType "swiss"]
[EventRounds "6"]

1. e4 e5 2. Nf3 Nc6 3. d4 exd4 4. Nxd4 Nf6 5. Nxc6 bxc6 6. e5 Qe7 7. Qe2 Nd5 8.
c4 Ba6 9. b3 Qh4 10. Bb2 Bb4+ 11. Kd1 Nf4 12. Qf3 Ne6 13. g3 Qe7 14. Nd2 Bc5
15. Ne4 O-O-O 16. Nxc5 Qxc5 17. Bg2 Bb7 18. Kc1 Qb6 19. Rd1 a5 20. Kc2 a4 21.
Rd2 Ba6 22. Rad1 Qc5 23. Kb1 Qb4 24. Qc3 Qc5 25. f4 Rhe8 26. f5 Nf8 27. Bf1
axb3 28. axb3 g6 29. b4 Qa7 30. g4 Qb8 31. Qb3 d6 32. exd6 cxd6 33. b5 Re7 34.
Qf3 Bb7 35. bxc6 Ba8 36. c5 Rc7 37. Ba6+ 1-0

[Event "Ct. Catalunya femeni"]
[Site "?"]
[Date "????.??.??"]
[Round "3"]
[White "Jausas Lopez, A."]
[Black "Castillo Escario, Y."]
[Result "0-1"]
[WhiteElo "1593"]
[BlackElo "1880"]
[PlyCount "122"]
[EventDate "2011.??.??"]
[EventType "swiss"]
[EventRounds "6"]

1. e4 e5 2. Nc3 Nf6 3. f4 d5 4. fxe5 Nxe4 5. Nf3 Be7 6. g3 O-O 7. Bg2 c5 8. O-O
Nc6 9. Re1 Nxc3 10. dxc3 Bg4 11. Bf4 Qd7 12. Qd3 Rad8 13. Rad1 h6 14. Kh1 Qe6
15. Qe2 Rfe8 16. h3 Bxh3 17. Qb5 Qd7 18. Qd3 Bf5 19. Qd2 Bg4 20. Qf2 Qf5 21.
Rd3 Qh5+ 22. Nh2 Be6 23. Red1 d4 24. Bxc6 bxc6 25. cxd4 cxd4 26. b3 c5 27. Rf1
Bf8 28. Kg1 Qg6 29. Nf3 Be7 30. Rd2 Bh3 31. Re1 Qe6 32. Rde2 Bg4 33. Bc1 Qg6
34. Rd2 Bxf3 35. Qxf3 Bg5 36. Rf2 Bxc1 37. Rxc1 Rxe5 38. Rcf1 f6 39. b4 Re3 40.
Qf5 Rxg3+ 41. Kh1 Qxf5 42. Rxf5 cxb4 43. Rb5 Rc8 44. Rf2 Rgc3 45. Rxb4 Rxc2 46.
Rxc2 Rxc2 47. Rxd4 Rxa2 48. Kg1 Kf7 49. Kf1 g5 50. Kg1 Kg6 51. Kf1 h5 52. Kg1
g4 53. Kh1 Kg5 54. Kg1 h4 55. Kh1 f5 56. Rc4 h3 57. Rc1 g3 58. Kg1 f4 59. Rf1
h2+ 60. Kh1 g2+ 61. Kxh2 gxf1=Q# 0-1

[Event "Ct. Catalunya femeni"]
[Site "?"]
[Date "????.??.??"]
[Round "3"]
[White "Las Heras Aixandri, S."]
[Black "Ros Alonso, J."]
[Result "1-0"]
[WhiteElo "1550"]
[BlackElo "1565"]
[PlyCount "65"]
[EventDate "2011.??.??"]
[EventType "swiss"]
[EventRounds "6"]

1. e4 e5 2. Nf3 Nc6 3. Bb5 a6 4. Ba4 d6 5. O-O Nf6 6. c3 Nxe4 7. d4 Nf6 8. d5
b5 9. dxc6 bxa4 10. Qxa4 Be7 11. Nbd2 O-O 12. Ne4 d5 13. Ng3 e4 14. Nd4 Qd6 15.
f3 exf3 16. Rxf3 Bg4 17. Rf2 Rae8 18. Qxa6 Bc8 19. Qa7 Ng4 20. Rf1 Bh4 21. Bf4
Qe7 22. Qxc7 Bxg3 23. Bxg3 Qxc7 24. Bxc7 Re7 25. Bd6 Re2 26. Nxe2 Re8 27. Nf4
g5 28. Nxd5 Rd8 29. Ne7+ Kg7 30. Nxc8 Rxc8 31. c7 Nf6 32. Be5 Kf8 33. Rxf6 1-0

[Event "Ct. Catalunya femeni"]
[Site "?"]
[Date "????.??.??"]
[Round "3"]
[White "Lopez Atay, DR."]
[Black "Garcia Castany Musellas, G."]
[Result "0-1"]
[WhiteElo "2012"]
[BlackElo "2001"]
[PlyCount "108"]
[EventDate "2011.??.??"]
[EventType "swiss"]
[EventRounds "6"]

1. e4 e5 2. Nf3 Nc6 3. Bb5 a6 4. Ba4 Nf6 5. Qe2 b5 6. Bb3 Be7 7. c3 d6 8. O-O
O-O 9. d3 Na5 10. Bc2 c5 11. Rd1 Nc6 12. h3 Qc7 13. Nbd2 h6 14. Nf1 Be6 15. Ng3
Rfe8 16. Nf5 Bf8 17. Nh2 Kh7 18. Ng4 Ng8 19. Bd2 g6 20. Nfe3 Bg7 21. Rf1 Nge7
22. f4 f5 23. Nh2 exf4 24. Rxf4 d5 25. Rff1 d4 26. Nd1 fxe4 27. dxe4 Bc4 28.
Bd3 Bxd3 29. Qxd3 c4 30. Qe2 d3 31. Qg4 Rf8 32. Ne3 Ne5 33. Qh4 Ng8 34. Nhg4
Nxg4 35. Nxg4 Qe7 36. Qxe7 Nxe7 37. Rf3 Nc6 38. Raf1 g5 39. Ne3 Ne5 40. Rf5 Nd7
41. Nd5 Rxf5 42. exf5 Re8 43. Rf2 Nc5 44. f6 Bf8 45. f7 Re5 46. Nf6+ Kg6 47.
Ng4 Re6 48. Rf1 h5 49. Nf2 Re2 50. Rd1 Kxf7 51. g4 hxg4 52. Nxg4 Ne4 53. Ne5+
Kg7 54. Nf3 Bc5+ 0-1

[Event "Ct. Catalunya femeni"]
[Site "?"]
[Date "????.??.??"]
[Round "3"]
[White "Marin Benito, C."]
[Black "Martin Dinares, S."]
[Result "1-0"]
[WhiteElo "1827"]
[BlackElo "1507"]
[PlyCount "61"]
[EventDate "2011.??.??"]
[EventType "swiss"]
[EventRounds "6"]

1. e4 e5 2. Nc3 Nf6 3. g3 d5 4. exd5 Nxd5 5. Bg2 Nxc3 6. bxc3 Bd6 7. Nf3 Bg4 8.
h3 Bh5 9. g4 Bg6 10. O-O O-O 11. Rb1 Be4 12. Re1 Bc6 13. Nxe5 Bxg2 14. Kxg2 f5
15. Qf3 Bxe5 16. Rxe5 fxg4 17. Qxg4 Qf6 18. Qe6+ Qxe6 19. Rxe6 b6 20. Ba3 Rd8
21. d4 Nd7 22. Rbe1 Kf7 23. Re7+ Kg6 24. R1e3 Kf6 25. Rf3+ Kg6 26. Rg3+ Kf6 27.
Rgxg7 Nf8 28. h4 Re8 29. Rgf7+ Kg6 30. Rxe8 Rxe8 31. Rxf8 1-0

[Event "Ct. Catalunya femeni"]
[Site "?"]
[Date "????.??.??"]
[Round "3"]
[White "Norte Garcia, A."]
[Black "Terrones Launes, M."]
[Result "1/2-1/2"]
[WhiteElo "1920"]
[BlackElo "1959"]
[PlyCount "113"]
[EventDate "2011.??.??"]
[EventType "swiss"]
[EventRounds "6"]

1. e4 e5 2. Nf3 Nc6 3. Bb5 a6 4. Ba4 Nf6 5. O-O b5 6. Bb3 Be7 7. Re1 d6 8. c3
O-O 9. h3 Na5 10. Bc2 c5 11. d4 Qc7 12. Nbd2 cxd4 13. cxd4 Nc6 14. d5 Nb4 15.
Bb1 a5 16. Nf1 Bd7 17. Ne3 g6 18. Nh2 Rac8 19. Bd2 Na6 20. Nhg4 Nxg4 21. hxg4
Bg5 22. g3 b4 23. Kg2 Bb5 24. a4 bxa3 25. Rxa3 Nb4 26. Rh1 Qb6 27. Qg1 Rc7 28.
Qh2 f6 29. f4 Qd4 30. Bc1 Nd3 31. Rc3 Rff7 32. fxg5 Qxe4+ 33. Kh3 Rxc3 34. bxc3
fxg5 35. Bxd3 Bxd3 36. Qg2 Rf3 37. Re1 h5 38. gxh5 gxh5 39. Kh2 g4 40. Kg1 a4
41. Nc2 Qc4 42. Ne3 Qxc3 43. Qd2 Rxg3+ 44. Kh2 Rh3+ 45. Kg1 Qb3 46. Qa5 Qb8 47.
Qxa4 Qf8 48. Qa2 Be4 49. Ng2 Bf3 50. Rf1 Qf7 51. Qa8+ Kg7 52. Qd8 Qxd5 53. Qg5+
Kf7 54. Qf5+ Kg7 55. Qg5+ Kf7 56. Qf5+ Kg7 57. Bg5 1/2-1/2

[Event "Ct. Catalunya femeni"]
[Site "?"]
[Date "????.??.??"]
[Round "3"]
[White "Ruiz Font, E."]
[Black "Martin Perez, L."]
[Result "1-0"]
[WhiteElo "1971"]
[BlackElo "1948"]
[PlyCount "91"]
[EventDate "2011.??.??"]
[EventType "swiss"]
[EventRounds "6"]

1. e4 c5 2. Nf3 e6 3. d4 cxd4 4. Nxd4 a6 5. c4 Qc7 6. Nc3 Nf6 7. a3 d6 8. Be2
Be7 9. Be3 b6 10. O-O Bb7 11. f3 Nbd7 12. Rc1 Rc8 13. b4 O-O 14. Qd2 Qb8 15.
Kh1 Rfe8 16. Nb3 Bd8 17. Bg1 Bc7 18. Rc2 h5 19. Rb1 Qa8 20. c5 bxc5 21. bxc5
dxc5 22. Na4 Red8 23. Qe3 Bd6 24. Nbxc5 Nxc5 25. Nxc5 Bxc5 26. Rxc5 Rxc5 27.
Qxc5 Nxe4 28. Qb4 Rd2 29. Qxb7 Qxb7 30. Rxb7 Rxe2 31. fxe4 Rxe4 32. h3 g5 33.
Ra7 Ra4 34. Bc5 Rc4 35. Be7 g4 36. hxg4 hxg4 37. Kh2 Rc6 38. Kg3 f5 39. Bf6 Rb6
40. Kf4 Kf8 41. g3 Ke8 42. Be5 Rc6 43. Kg5 Kd8 44. Kf6 Ke8 45. Re7+ Kd8 46.
Rxe6 1-0

[Event "Ct. Catalunya femeni"]
[Site "?"]
[Date "????.??.??"]
[Round "3"]
[White "Terrones Launes, X."]
[Black "Julian Ortin, EM."]
[Result "0-1"]
[WhiteElo "1591"]
[BlackElo "1770"]
[PlyCount "86"]
[EventDate "2011.??.??"]
[EventType "swiss"]
[EventRounds "6"]

1. d4 Nf6 2. c4 e6 3. Nc3 Bb4 4. Bg5 h6 5. Bh4 b6 6. e3 Bb7 7. Nge2 O-O 8. a3
Be7 9. Bxf6 Bxf6 10. Ng3 d6 11. Nge4 Be7 12. Qf3 Qc8 13. Qg3 f5 14. Nd2 c5 15.
Be2 Nd7 16. O-O e5 17. dxe5 dxe5 18. Rfd1 Qe8 19. Nd5 Qf7 20. Nf3 e4 21. Ne5
Nxe5 22. Qxe5 Bg5 23. Qc7 Bxd5 24. Qxf7+ Bxf7 25. b4 Rfd8 26. Rdc1 Be7 27. bxc5
Bxc5 28. a4 Kf8 29. a5 Ke7 30. Kf1 Rac8 31. axb6 Bxb6 32. Ra4 Rc5 33. Rc2 Rdc8
34. Ke1 Be8 35. Raa2 Bb5 36. Kd1 Bxc4 37. Bxc4 Rxc4 38. Rcb2 Rc1+ 39. Ke2 R8c6
40. h4 h5 41. g3 Rd6 42. Rb3 Rd5 43. f3 Rh1 0-1

[Event "Ct. Catalunya femeni"]
[Site "?"]
[Date "????.??.??"]
[Round "4"]
[White "Garcia Castany Musellas, G."]
[Black "Marin Benito, C."]
[Result "1/2-1/2"]
[WhiteElo "2001"]
[BlackElo "1827"]
[PlyCount "146"]
[EventDate "2011.??.??"]
[EventType "swiss"]
[EventRounds "6"]

1. e4 e5 2. Nf3 Nc6 3. Bc4 Bc5 4. c3 Nf6 5. b4 Be7 6. d3 d6 7. O-O O-O 8. Nbd2
Bg4 9. Bb3 d5 10. a3 a6 11. h3 Bh5 12. Qc2 Kh8 13. c4 dxc4 14. dxc4 Nd7 15. Bb2
Bf6 16. c5 Qe7 17. Qd3 Rfd8 18. Bd5 Nf8 19. Qb3 Rd7 20. Nc4 Bxf3 21. Qxf3 Ng6
22. Rad1 Rad8 23. Bxc6 bxc6 24. Na5 Qe6 25. Nb7 Rxd1 26. Rxd1 Rd7 27. Na5 Nf4
28. Bc1 g5 29. Bxf4 exf4 30. Rd3 Kg7 31. Qd1 Rxd3 32. Qxd3 Bb2 33. Qc2 Be5 34.
Qc4 Qd7 35. Qe2 Kg6 36. Qg4 Qe8 37. Qf5+ Kh6 38. Nxc6 Bb2 39. Na5 Bxa3 40. Qf6+
Kh5 41. g4+ fxg3 42. Qf3+ Kg6 43. Qxa3 gxf2+ 44. Kxf2 Qxe4 45. Qc3 h5 46. Nc4
f6 47. Ne3 Qf4+ 48. Kg2 Qe4+ 49. Kg1 g4 50. hxg4 hxg4 51. Qc2 Qxc2 52. Nxc2 Kf5
53. Nd4+ Ke4 54. Ne6 c6 55. Nc7 Kd4 56. Nxa6 Kc4 57. Kg2 Kb5 58. Nb8 Kxb4 59.
Nd7 f5 60. Kg3 Kc4 61. Kf4 Kd5 62. Ke3 Ke6 63. Nb6 Ke5 64. Na4 f4+ 65. Kf2 Kd4
66. Nb2 f3 67. Nd1 Kxc5 68. Ne3 Kd4 69. Nxg4 c5 70. Kxf3 c4 71. Ne3 c3 72. Kf2
Kd3 73. Kf3 Kd2 1/2-1/2

[Event "Ct. Catalunya femeni"]
[Site "?"]
[Date "????.??.??"]
[Round "4"]
[White "Julian Ortin, EM."]
[Black "Jausas Lopez, A."]
[Result "0-1"]
[WhiteElo "1770"]
[BlackElo "1593"]
[PlyCount "88"]
[EventDate "2011.??.??"]
[EventType "swiss"]
[EventRounds "6"]

1. d4 Nf6 2. c4 e6 3. Nc3 Bb4 4. f3 Nc6 5. e3 O-O 6. Bd3 Re8 7. Nge2 d6 8. a3
Bxc3+ 9. Nxc3 d5 10. O-O Kh8 11. f4 b6 12. b4 Bb7 13. g4 Ne7 14. c5 Rc8 15. Qf3
Rb8 16. Ra2 Qc8 17. Rb2 Rf8 18. h4 e5 19. fxe5 Qxg4+ 20. Qxg4 Nxg4 21. Rg2 Nh6
22. Rgf2 Bc8 23. Bc2 Bh3 24. Re1 Be6 25. Ne2 Nef5 26. Rh2 Ng4 27. Rh1 Ngxe3 28.
Bxe3 Nxe3 29. Bd3 Bf5 30. Bxf5 Nxf5 31. Rh3 Rbe8 32. Kg2 Kg8 33. Rd1 f6 34. Nc3
fxe5 35. dxe5 d4 36. Nd5 c6 37. Nc7 Rxe5 38. Rd2 Ne3+ 39. Kg1 Rf1+ 40. Kh2 Ref5
41. Rxd4 R5f2+ 42. Kg3 Rf3+ 43. Kh2 R1f2+ 44. Kg1 Rg2+ 0-1

[Event "Ct. Catalunya femeni"]
[Site "?"]
[Date "????.??.??"]
[Round "4"]
[White "Martin Perez, L."]
[Black "Norte Garcia, A."]
[Result "1-0"]
[WhiteElo "1948"]
[BlackElo "1920"]
[PlyCount "89"]
[EventDate "2011.??.??"]
[EventType "swiss"]
[EventRounds "6"]

1. e4 c5 2. Nf3 e6 3. d4 cxd4 4. Nxd4 a6 5. c4 Nf6 6. Nc3 Qc7 7. Be2 b6 8. Be3
Bb7 9. f3 d6 10. O-O Nbd7 11. a4 Be7 12. a5 O-O 13. Nb3 Rac8 14. axb6 Nxb6 15.
Na5 Ba8 16. Qd2 Rfd8 17. Rfc1 Qb8 18. Bf1 h5 19. Qf2 Nfd7 20. Rab1 Qc7 21. b4
Rb8 22. Ne2 Ne5 23. Nd4 Nbd7 24. Qd2 Nf6 25. b5 h4 26. bxa6 Rxb1 27. Rxb1 d5
28. Nb7 Rb8 29. cxd5 Bxb7 30. Rxb7 Rxb7 31. axb7 exd5 32. Nf5 Bd8 33. Qb4 Nc6
34. Qd6 Qxd6 35. Nxd6 Bc7 36. Nb5 Bb8 37. exd5 Nxd5 38. Bg5 Na5 39. Bd3 Nf4 40.
Be4 Ne6 41. Be7 Nc4 42. Bd5 Nb6 43. Bc6 Nc7 44. Nxc7 Bxc7 45. Bd8 1-0

[Event "Ct. Catalunya femeni"]
[Site "?"]
[Date "????.??.??"]
[Round "4"]
[White "Montoliu Daroca, I."]
[Black "Lopez Atay, DR."]
[Result "0-1"]
[WhiteElo "1808"]
[BlackElo "2012"]
[PlyCount "68"]
[EventDate "2011.??.??"]
[EventType "swiss"]
[EventRounds "6"]

1. c4 e5 2. Nc3 Nc6 3. g3 g6 4. Bg2 Bg7 5. Nf3 d6 6. O-O Be6 7. d3 h6 8. Rb1 f5
9. e4 Nge7 10. b4 fxe4 11. Nxe4 Nf5 12. b5 Ncd4 13. Nxd4 Nxd4 14. Be3 Nf5 15.
Nd2 O-O 16. Bxb7 Nxe3 17. fxe3 Rxf1+ 18. Qxf1 Rb8 19. Bg2 d5 20. Nb3 dxc4 21.
dxc4 Qg5 22. Qe2 Bf8 23. Kh1 Rd8 24. Na5 Bg4 25. Bf3 Bxf3+ 26. Qxf3 Rd3 27. Rf1
Bg7 28. Qa8+ Kh7 29. Qxa7 Qg4 30. Qb7 e4 31. Kg2 Rd2+ 32. Rf2 Qf3+ 33. Kh3 Rxf2
34. Qxc7 Qh5# 0-1

[Event "Ct. Catalunya femeni"]
[Site "?"]
[Date "????.??.??"]
[Round "4"]
[White "Riera Morilla, E."]
[Black "Capellades Subirana, L."]
[Result "1-0"]
[WhiteElo "1929"]
[BlackElo "1651"]
[PlyCount "99"]
[EventDate "2011.??.??"]
[EventType "swiss"]
[EventRounds "6"]

1. e4 e5 2. Nf3 Nc6 3. Bb5 d6 4. c3 Bd7 5. d3 Nf6 6. Ba4 Be7 7. Nbd2 O-O 8. O-O
Re8 9. Re1 a6 10. Nf1 b5 11. Bc2 Bg4 12. h3 Bh5 13. Ng3 Bg6 14. Nh4 d5 15. Nxg6
hxg6 16. exd5 Qxd5 17. Bb3 Qd7 18. Qf3 Bd6 19. Ne4 Nxe4 20. Qxe4 Na5 21. Bc2
Nc6 22. a4 Rab8 23. axb5 axb5 24. Ra6 Ne7 25. b4 Nf5 26. Bg5 Nh6 27. Bb3 Qf5
28. Be3 Qxe4 29. dxe4 Ra8 30. Rea1 Rxa6 31. Rxa6 Kf8 32. Bd5 f6 33. Bc6 Rd8 34.
Bxb5 Nf7 35. Bc6 Rb8 36. Ba7 Rd8 37. b5 Ng5 38. Bd5 f5 39. f3 fxe4 40. fxe4 Nh7
41. c4 Nf6 42. Rc6 Nxd5 43. exd5 Ra8 44. Bc5 Ra1+ 45. Kf2 Ra2+ 46. Kf3 Bxc5 47.
Rxc5 e4+ 48. Kxe4 Rxg2 49. Rxc7 Rh2 50. b6 1-0

[Event "Ct. Catalunya femeni"]
[Site "?"]
[Date "????.??.??"]
[Round "4"]
[White "Terrones Launes, M."]
[Black "Ruiz Font, E."]
[Result "0-1"]
[WhiteElo "1959"]
[BlackElo "1971"]
[PlyCount "102"]
[EventDate "2011.??.??"]
[EventType "swiss"]
[EventRounds "6"]

1. e4 c5 2. Nf3 g6 3. c4 Nc6 4. d4 cxd4 5. Nxd4 Nf6 6. Nc3 d6 7. Be2 Nxd4 8.
Qxd4 Bg7 9. Be3 O-O 10. Qd2 a5 11. O-O a4 12. f3 Qa5 13. Rac1 Bd7 14. Rfd1 Bc6
15. b3 axb3 16. axb3 Rfc8 17. Nd5 Qxd2 18. Nxf6+ Bxf6 19. Rxd2 Ra3 20. Rb1 Rca8
21. Kf2 Ra1 22. Rxa1 Rxa1 23. Bd4 Bxd4+ 24. Rxd4 Rb1 25. Rd3 Rb2 26. Re3 Kg7
27. Rd3 g5 28. Ke3 Kg6 29. g3 g4 30. fxg4 Bxe4 31. Kxe4 Rxe2+ 32. Kf3 Rxh2 33.
Re3 e6 34. Rd3 Rb2 35. Kf4 h6 36. Rf3 Re2 37. Rd3 Rb2 38. Rf3 b6 39. Rd3 Kf6
40. Rf3 e5+ 41. Ke4+ Ke6 42. Re3 Rd2 43. Kf3 Rd4 44. Rc3 Kf6 45. b4 Kg5 46. c5
dxc5 47. bxc5 bxc5 48. Rxc5 Rd3+ 49. Ke4 Rxg3 50. Rxe5+ Kxg4 51. Re7 f5+ 0-1

[Event "Ct. Catalunya femeni"]
[Site "?"]
[Date "????.??.??"]
[Round "4"]
[White "Vidal Masferrer, M."]
[Black "Las Heras Aixandri, S."]
[Result "1/2-1/2"]
[WhiteElo "1494"]
[BlackElo "1550"]
[PlyCount "148"]
[EventDate "2011.??.??"]
[EventType "swiss"]
[EventRounds "6"]

1. e4 c5 2. Nf3 Nc6 3. c3 g6 4. d4 cxd4 5. cxd4 Bg7 6. Be3 Nf6 7. Nc3 O-O 8.
Nd2 d5 9. f3 dxe4 10. fxe4 Bg4 11. Nf3 Qb6 12. Qd2 Rfd8 13. d5 Qb4 14. a3 Qb3
15. Bd3 Na5 16. Nd4 Qb6 17. Ndb5 Qa6 18. Nc7 Qd6 19. Nxa8 Nb3 20. Nb5 Qd7 21.
Qc3 Nxa1 22. Bd4 Nxe4 23. Qc7 Qxc7 24. Naxc7 Bxd4 25. Nxd4 Rc8 26. Bxe4 Rxc7
27. O-O Rc4 28. Bf3 Bxf3 29. Nxf3 Nb3 30. Re1 Rc1 31. Rxc1 Nxc1 32. Ne1 Ne2+
33. Kf2 Nf4 34. Kf3 Nxd5 35. Nd3 Kg7 36. Ke4 Nc7 37. Nc5 b6 38. Nd7 Ne8 39. Kd4
Nf6 40. Ne5 Kf8 41. Nc6 a6 42. Nb8 a5 43. Kc4 Ke8 44. Kb5 e5 45. Nc6 e4 46. Nd4
Nd5 47. Kc6 Ne3 48. g3 Nc4 49. b3 Nxa3 50. Kxb6 Nb1 51. Kxa5 Kd7 52. Ka6 Nc3
53. Nc2 Kc6 54. b4 f5 55. Nd4+ Kc7 56. b5 Na4 57. Ne6+ Kb8 58. b6 e3 59. Nd4
Nc5+ 60. Kb5 Nb3 61. Ne2 Kb7 62. Kc4 Nd2+ 63. Kb5 g5 64. Kc5 Nf1 65. h3 Nxg3
66. Nxg3 f4 67. Kd4 fxg3 68. Kxe3 g2 69. Kf2 g1=Q+ 70. Kxg1 Kxb6 71. Kf2 Kc6
72. Kf3 Kd6 73. Kg4 Ke6 74. Kxg5 Kf7 1/2-1/2